|
|
|
|
| LEADER |
01141nam a2200253 u 4500 |
| 001 |
10024125 |
| 003 |
GR-PaULI |
| 005 |
20210117210939.0 |
| 008 |
950621s1959 us eng |
| 952 |
|
|
|0 0
|1 0
|2 ddc
|4 0
|6 Π_Σ_620_001000000000000_51_IRV
|7 0
|9 234242
|a LISP
|b LISP
|c REF
|d 2019-07-23
|i 02547
|l 0
|o Π/Σ 620.001 51 IRV
|p 025000113519
|r 2019-07-23 00:00:00
|t 1
|v 2019.00
|w 2019-07-23
|y BKN
|
| 999 |
|
|
|c 142100
|d 142100
|
| 040 |
|
|
|a GR-PaULI
|c GR-PaULI
|b gre
|e AACR2
|
| 082 |
|
|
|2 23
|a 620.001 51
|
| 100 |
1 |
|
|9 177335
|a Irving, J.
|d 1920-
|q (John),
|e συγγραφέας.
|
| 245 |
1 |
0 |
|a Mathematics in physics and engineering /
|c J. Irving, N. Mullineux.
|
| 260 |
|
|
|a New York :
|b Academic Press,
|c 1959.
|
| 300 |
|
|
|a 883 σ. ;
|b
|c 24 εκ.
|
| 490 |
1 |
|
|a Pure and applied physics
|v 6.
|
| 505 |
1 |
|
|a Περιλαμβάνει βιβλιογραφικές παραπομπές και ευρετήριο.
|
| 650 |
|
4 |
|9 173413
|a Μαθηματικά για μηχανικούς
|
| 700 |
1 |
|
|9 177336
|a Mullineux, N.
|e συγγραφέας.
|
| 830 |
|
0 |
|9 177308
|a Pure and applied physics (Academic Press)
|v 6.
|
| 942 |
|
|
|2 ddc
|c BKN
|
| 998 |
|
|
|c ΜΠΟΥΡΑΣ
|d 2019-07
|